000
00323nam a22001457a 4500
008
230206b ||||| |||| 00| 0 eng d
020
_a
9780321646323
041
_a
eng
080
_2
TENTH EDITION
_a
51
082
_a
51LIA
100
_a
20
101
_a
MATE
245
_a
MATHEMATICS
_c
LIAL HUNGERFORD
942
_2
udc
_c
BK
999
_c
59313
_d
59313